| 000 | 00793nam a2200265Ia 4500 | ||
|---|---|---|---|
| 003 | OSt | ||
| 005 | 20220924124243.0 | ||
| 006 | a|||||r|||| 00| 0 | ||
| 007 | ta | ||
| 008 | 220923b |||||||| |||| 00| 0 urd d | ||
| 020 | _a9788175875036 (pbk) | ||
| 020 | _c57 | ||
| 024 | _a258987 | ||
| 037 |
_bMPH/6074/2, 07/02/2012, Modern Publishing House _cTextual |
||
| 040 |
_aARTS _cARTS _burd |
||
| 041 |
_2urd _aurd |
||
| 082 | _aO168,1N21x, Q1 | ||
| 100 |
_aDehlvi Khwaja Mir Dard _9195336 |
||
| 245 | 0 | _aDeewan-e-dard | |
| 260 |
_aNew Delhi _b NCPUL India _c2011 |
||
| 300 |
_a57p. _ccm. |
||
| 650 | _aURDU POETRY | ||
| 942 |
_hO168,1N21x, Q1 _cTEXL _2CC |
||
| 999 |
_c418994 _d418994 |
||